00551nam a2200133Ia 4500008004100000100002400041245008300065245004800148260005300196650001500249856006100264999001900325952007300344170221s9999 xx 000 0 und d aZarina B. Shamsudin 4aThe Safety Level Satisfaction towards Gated and Guarded Community in Malaysia  cZarina B. Shamsudin, E. Y. Ying, A. J. Omar bInternational Review of Management and Marketing xMarketing. uhttp://www.econjournals.com/index.php/irmm/issue/view/91 c312400d312400 001040aCLbCLd2017-02-21l0r2017-02-21 00:00:00w2017-02-21yFOJ